Pokémon - Dresseurs partenaires - Viviane (D/P/Pt) - Statistiques

Statistiques générales
  • Ce quiz a été pris 16 fois
  • Le résultat moyen est 44 sur 55
Statistiques - réponses
Hint Réponse % Correct
Arcanin
100%
Arcanin
100%
Type Feu
100%
Type Feu
100%
Statistique préférée Vitesse
100%
Niv (D/P) 57
91%
Niv (Pt) 59
91%
Niv 61
91%
Niv 61
91%
Niv 62
91%
Niv 63
91%
Niv 65
91%
Capacités Crocs Feu
91%
Dimoret
91%
Électrode
91%
Type Glace
91%
Type Insecte
91%
Talent Intimidation
91%
Talent Intimidation
91%
Type Ténèbres
91%
Type Vol
91%
Type Vol
91%
Capacités Aéropique
82%
Capacités Aéropique
82%
Capacités Boutefeu
82%
Capacités Crocs Éclair
82%
Type Électrique
82%
Capacités Fatal-Foudre
82%
Capacités Lame d'Air
82%
Capacités Mâchouille
82%
Nostenfer
82%
Capacités Plaie-Croix
82%
Capacités Poinglace
82%
Type Poison
82%
Capacités Tranche
82%
Capacités Tranche-Nuit
82%
Talent Attention
73%
Objet Baie Sitrus
73%
Capacités Crochetvenin
73%
Capacités Éclats Glace
73%
Capacités Hâte
73%
Capacités Onde Folie
73%
Talent Pression
73%
Talent Turbo
73%
Capacités Vit. Extrême
73%
Capacités Vit. Extrême
73%
Capacités Cage-Éclair
64%
Capacités Danse-Lames
64%
Ninjask
64%
Rencontre Route Victoire
64%
Capacités Reflet
45%
Capacités Reflet
45%
Talent Anti-Bruit
36%
Capacités Ultralaser
36%
Capacités Coup d'Main
27%
Aucun quiz correspondant
Distribution des résultats
% des personnes avec chaque résultat
Percentile par nombre de réponses
Votre historique - résultats
Vous n’avez pas pris ce quiz